header

Little House On the Prairie (Record no. 260866)

MARC details
000 -LEADER
fixed length control field 00257nam a22001097a 4500
020 ## - INTERNATIONAL STANDARD BOOK NUMBER
ISBN 059048818-X
100 ## - MAIN ENTRY--AUTHOR NAME
Personal name Laura Ingalls Wilder
245 ## - TITLE STATEMENT
Title Little House On the Prairie
260 ## - PUBLICATION, DISTRIBUTION, ETC. (IMPRINT)
Place of publication New York
Name of publisher HarperCollins
Year of publication 1935
300 ## - PHYSICAL DESCRIPTION
Number of Pages 334pgs
942 ## - ADDED ENTRY ELEMENTS (KOHA)
Koha item type Long Loan Books
Holdings
Withdrawn status Lost status Collection code Home library Current library Shelving location Date acquired Accession Number Koha item type
    Fiction Rongo University Library Rongo University Library Children's Area 09/10/2023 CL20222573 Long Loan Books
    Fiction Rongo University Library Rongo University Library Children's Area 09/10/2023 CL20222575 Long Loan Books
    Fiction Rongo University Library Rongo University Library Children's Area 25/03/2025 CL20243828 Long Loan Books
    Fiction Rongo University Library Rongo University Library Children's Area 25/03/2025 CL20243829 Long Loan Books

© 2026 Rongo University
Contact us: librarian | system librarian | Rongo university